Non-American Countries in the Americas - Statistics

General Stats
  • This quiz has been taken 223 times
  • The average score is 8 of 9
Answer Stats
Hint Answer % Correct
1607-Present United Kingdom
100%
1605-Present France
99%
1492-1899 Spain
98%
1614-Present Netherlands
97%
1535-1581 1641-1823 Portugal
96%
1785-1868 Russia
88%
1722-Present Denmark
81%
1942-1943 Japan
80%
1651-1656 Sweden
74%
No matching quizzes found
Score Distribution
Percent of People with Each Score
Percentile by Number Answered
Your Score History
You have not taken this quiz